ბათუმის შოთა რუსთაველის სახელმწიფო უნივერსიტეტის ბიბლიოთეკა

თხზულებანი :10 ტომად. (ბიბ.ჩანაწერი № 50212)

000 -ლიდერი
ფიქსირებული სიგრძის საკონტროლო ველი 01491nam a2200241Ia 4500
001 - საკონტროლო ნომერი
საკონტროლო ველი 17150
003 - საკონტროლო ნომრის იდენტიფიკატორი
საკონტროლო ველი GE_BSU
005 - ბოლო ოპერაციის თარიღი და დრო
საკონტროლო ველი 20221219151358.0
008 - ფიქსირებული სიგრძის მონაცემთა ელემენტები - ზოგადი ინფორმაცია
ფიქსირებული სიგრძის საკონტროლო ველი 181216s1983ge xx |||||||||||||| ||geo||
040 ## - კატალოგიზაციის წყარო
Transcribing agency GE_BSU
041 ## - ენის კოდი
Language code of text/sound track or separate title geo
080 ## - უნივერსალური ათობითი კლასიფიკაციის ინდექსი
Universal Decimal Classification number 821.353.1 + 821.353.1-31 + 821.353.1-4 + 821.353.1-92 გ-19
100 ## - მთავარი ჩანაწერი - პიროვნების სახელი
Personal name გამსახურდია, კ. (კონსტანტინე, 1891-1975)
9 (RLIN) 16499
245 ## - ცნობა სათაურის შესახებ
Title თხზულებანი :10 ტომად.
Remainder of title ტ. 7. დაუმთავრებელი რომანები ნარკვევები, წერილები
Statement of responsibility, etc კონსტანტინე გამსახურდია, [სარედ. კოლ.: ზ. გამსახურდია, გ. ნატროშვილი და ს. ჭილაია]
264 ## - წარმოების, გამოცემის, დისტრიბუციის და სხვა ცნობები
გამოცემის, წარმოების, დისტრიბუციის... ადგილი თბილისი :
გამოცემის, წარმოების, დისტრიბუციის... სახელწოდება საბჭ. საქართველო,
გამოცემის, წარმოების, დისტრიბუციის... თარიღი 1983.
300 ## - ფიზიკური აღწერა
Extent 501 გვ.
Other physical details 22 სმ.
653 ## - INDEX TERM--UNCONTROLLED
Uncontrolled term დაუმთავრებელი რომანები, ნარკვევები, წერილები
653 ## - INDEX TERM--UNCONTROLLED
Uncontrolled term თხზულებანი
700 ## - ADDED ENTRY--PERSONAL NAME
Personal name გამსახურდია, ზ
Relator term სარედაქციო კოლეგია
9 (RLIN) 5590
700 ## - ADDED ENTRY--PERSONAL NAME
Personal name ნატროშვილი, გ
Relator term სარედაქციო კოლეგია
9 (RLIN) 16500
700 ## - ADDED ENTRY--PERSONAL NAME
Personal name ჭილაია, ს
Relator term სარედაქციო კოლეგია
9 (RLIN) 4657
942 ## - ADDED ENTRY ELEMENTS (KOHA)
Koha item type წიგნი
Source of classification or shelving scheme
ეგზემპლარები
ჩამოწერის სტატუსი დაკარგული ეგზემპლარის სტატუსი კლასიფიკაციის წყარო ან თაროზე გაწყობის სქემა დაზიანების სტატუსი არ გაიცემა მუდმივი მდებარეობა (დაცვის ადგილი) ამჟამინდელი ადგილსამყოფელი თაროზე განთავსების ადგილი შეძენის თარიღი სრული შენახვის შიფრი შტრიხკოდი ბოლო ოპერაციის თარიღი ეგზემპლარის მიმდევრობითი ნომერი (კეტერი?) ფასის ძალაში შესვლის თარიღი ეგზემპლარის სახეობა ღირებულება, შესყიდვის ნორმალური ფასი საჯარო შენიშვნა
          ბათუმის შოთა რუსთაველის სახელმწიფო უნივერსიტეტის მთავარი ბიბლიოთეკა ბათუმის შოთა რუსთაველის სახელმწიფო უნივერსიტეტის მთავარი ბიბლიოთეკა წიგნსაცავი 2018-12-17 821.353.1 + 821.353.1-31 + 821.353.1-4 + 821.353.1-92 გ-19 21806 2018-12-17 21806 2018-12-17 წიგნი    
          ბათუმის შოთა რუსთაველის სახელმწიფო უნივერსიტეტის მთავარი ბიბლიოთეკა ბათუმის შოთა რუსთაველის სახელმწიფო უნივერსიტეტის მთავარი ბიბლიოთეკა წიგნსაცავი 2022-12-19 821.353.1 + 821.353.1-31 + 821.353.1-4 + 821.353.1-92 გ-19 63344 2022-12-19 63344 2022-12-19 წიგნი 10.00 10.00